000 00537nam a2200205Ia 4500
005 20250923150001.0
008 008 250917s9999 xx 000 0 eng d
037 _aTextual
040 _aDSWL
_beng
_cDSWL
041 _aeng
_2eng
084 _aY12:45, N96
_qDSWL
100 _aAhuja, Ram
_9840990
245 0 _aYouth and Crime
_c by Ram Ahuja
260 _aRawat
_bRawat Publications
_c1996
300 _a176p.
365 _aINR
_b300
925 _g300
942 _cTEXL
_hY12:45, N96
999 _c1458126
_d1458126